[Event "BCF-ch Soanes op"]
[Site "Coventry"]
[Date "2015.08.02"]
[Round "4"]
[White "Wallman, Robert J"]
[Black "Heffer, Mark"]
[Result "1-0"]
[WhiteElo "144"]
[BlackElo "138"]
[PlyCount "121"]
[EventDate "2015.07.31"]
[EventType "swiss"]
[EventRounds "5"]
[EventCountry "ENG"]
[SourceTitle "CBM 167 Extra"]
[Source "ChessBase"]
[SourceDate "2015.09.14"]
[SourceVersion "1"]
[SourceVersionDate "2015.09.14"]
[SourceQuality "1"]

1. e4 e6 2. d4 d5 3. Nd2 Nf6 4. e5 Nfd7 5. Bd3 c5 6. c3 cxd4 7. cxd4 Nc6 8. Ngf3 Qb6 9. 0-0 Nxd4 10. Nxd4 Qxd4 11. Nf3 Qb6 12. Qa4 a6 13. Bd2 Qc6 14. Qg4 Qc7 15. Rfe1 Nc5 16. Rac1 Qd7 17. Bc2 Qb5 18. Bc3 Bd7 19. b3 Nd3 20. Nd4 Nxe5 21. Nxb5 Nxg4 22. Nc7+ Kd8 23. Nxa8 Bc5 24. Re2 Bb5 25. Rd2 Kd7 26. Bxg7 Rxa8 27. h3 Ne3 28. Bxh7 Bb6 29. Bd4 Bxd4 30. Rxd4 Rh8 31. Bb1 Nf5 32. Bxf5 exf5 33. Rxd5+ Ke6 34. Rdc5 Rg8 35. f3 Bc6 36. Rxc6+ bxc6 37. Rxc6+ Kd5 38. Rxa6 Kd4 39. Rf6 Ke5 40. Rxf7 Ra8 41. Re7+ Kf4 42. a4 Rb8 43. Kf2 Rxb3 44. g3+ Kg5 45. f4+ Kf6 46. Re3 Rb2+ 47. Kf3 Ra2 48. g4 fxg4+ 49. hxg4 Rxa4 50. g5+ Kf5 51. Re5+ Kg6 52. Kg4 Kf7 53. Kf5 Ra6 54. Rb5 Rc6 55. Rb7+ Kf8 56. g6 Kg8 57. Kg5 Rc1 58. f5 Rd1 59. Kh6 Rh1+ 60. Kg5 Rf1 61. Rb8+ 1-0

[Event "BCF-ch Soanes op"]
[Site "Coventry"]
[Date "2015.08.01"]
[Round "3"]
[White "Clark, Andrew P"]
[Black "Wallman, Robert J"]
[Result "1/2-1/2"]
[WhiteElo "126"]
[BlackElo "144"]
[PlyCount "103"]
[EventDate "2015.07.31"]
[EventType "swiss"]
[EventRounds "5"]
[EventCountry "ENG"]
[SourceTitle "CBM 167 Extra"]
[Source "ChessBase"]
[SourceDate "2015.09.14"]
[SourceVersion "1"]
[SourceVersionDate "2015.09.14"]
[SourceQuality "1"]

1. Nf3 Nf6 2. c4 d6 3. d4 g6 4. e3 Bg7 5. Nbd2 c6 6. Be2 Nbd7 7. 0-0 e5 8. dxe5 dxe5 9. Qc2 0-0 10. e4 Nh5 11. Nb3 Qc7 12. Be3 b6 13. c5 b5 14. Ng5 Nhf6 15. f4 h6 16. Nh3 Re8 17. f5 Kh7 18. g4 g5 19. Bf3 Rb8 20. Qf2 Rh8 21. Rad1 Kg8 22. Qg3 Ne8 23. Rd3 a5 24. Rfd1 Bf8 25. Rc1 Be7 26. Nd2 f6 27. Nf2 Qa7 28. h4 Nc7 29. hxg5 hxg5 30. Kg2 Na6 31. Rh1 Rxh1 32. Nxh1 Bxc5 33. Bxc5 Qxc5 34. Nb3 Qe7 35. Nxa5 Nb4 36. Rc3 Rb6 37. a3 Na2 38. Nxc6 Qd6 39. Ne7+ Qxe7 40. Rxc8+ Kg7 41. Qh3 Nf8 42. Ng3 Qd7 43. Nh5+ Kf7 44. Rc2 Nc1 45. Be2 Rc6 46. Rxc6 Qxc6 47. Qf3 Qc2 48. Ng3 Qxb2 49. Kh3 Nxe2 50. Qxe2 Qxa3 51. Qxb5 Qd6 52. Qb7+ 1/2-1/2